000 00840cam a2200181 4500
001 WB3527-06
008 000000n1999 000 0 eng u
035 _a(Sirsi) u102349
245 _aProposals on insurance guidelines.
260 _c1999
490 _aDETR News Release
_v(678) 12 July 1999 (2)
520 _aNew insurance scheme guidelines for private sector building inspectors have been published. The guidelines aim to provide protection for clients and widen competition in building control. Copies of the consultation paper are available from Janet Albon, fax: 0171 890 5739; email: [email protected] The document can also be found at - www.detr.gov.uk
650 _aBUILT ENVIRONMENT-BUILDING INSPECTION
650 _aINUSURANCE
650 _aBUILDING CONTROL
_96222
690 _aBUILT ENVIRONMENT
942 _n0
999 _c61372
_d61372